| 000 | 00612nam a2200145 a 4500 | ||
|---|---|---|---|
| 001 | 000005836 | ||
| 005 | 20200929151814.0 | ||
| 008 | 090824s2004 dr r 001 0 spa d | ||
| 040 |
_aDO-SdBNP _bspa _cBNPHU |
||
| 082 |
_axxx _bE82l |
||
| 245 | 0 | 0 |
_aEstudio de línea base sobre el sub-registro de nacimientos de niños y niñas en las comunidades acompañadas por los proyectos de desarrollo de áreas de Visión Mundial. / _cpresentación Claudio Doné Castillo. |
| 260 |
_aSanto Domingo : _bFundación ICESA _bVisión Mundial, _c2004. |
||
| 300 |
_a211 p. : _bil. ; _c23 cm. |
||
| 700 | 1 |
_aDoné Castillo, Claudio _916485 |
|
| 999 |
_c5632 _d5632 |
||